Le Panama pour les touristes... - Facile - Statistiques

Statistiques générales
  • Ce quiz a été pris 9 fois
  • Le résultat moyen est 11 sur 20
Statistiques - réponses
Question Indice Réponses Indice facile % Correct
Combien d'heures (environ) mettrez-vous pour vous y rendre ? (en chiffres) 12
100%
Dans la capitale quel est le décalage horaire avec Paris ? (+ ou - et chiffre) ex - 10 - 7
100%
Quelle est la langue officielle ? Espagnol
100%
Avez-vous besoin d'un visa ? (oui/non) Non
100%
Le principal aéroport est P Panama
100%
La vitesse est limitée hors des villes à {100} km/h
88%
La conduite se fait à droite ou à gauche ? Gauche
88%
Quel est le climat local ? T Tropical
88%
Comment se nomme la principale compagnie aérienne locale A P Air Panama ARAPAIMAN
75%
Achats à faire 2/ Tissu Mola LAMO
63%
La religion majoritaire est Catholicisme C
50%
Achats à faire 4/ Sculptures en graines de Tagua GUATA
50%
Quelle est la monnaie ? Balboa B
38%
Quelles sont les principaux lieux touristiques ? B Boquete EBOUTEQ
38%
Quelles sont les principaux lieux touristiques ? P Baie de {Portobelo} BOLEROOPT
25%
Quelles sont les principaux lieux touristiques ? C Chitré CHERIT
13%
Achats à faire 3/ Sculpture de bois de Cocobolo COBOLCOO
13%
Le suffixe internet est gt
0%
Quelles sont les principaux lieux touristiques ? P Pedasi APIDES
0%
Achats à faire 1/ Sombrero Pintado PONDAIT
0%
Aucun quiz correspondant
Distribution des résultats
% des personnes avec chaque résultat
Percentile par nombre de réponses
Votre historique - résultats
Vous n’avez pas pris ce quiz